Top 5 Airports By Continent - Statistics

General Stats
  • This quiz has been taken 113 times
  • The average score is 27 of 30
Answer Stats
City % Correct
Chicago
98%
London
98%
Los Angeles
98%
Paris
98%
Atlanta
97%
New York City
97%
Beijing
96%
Sydney
96%
Rio de Janeiro
95%
Tokyo
95%
Cairo
94%
Johannesburg
93%
Melbourne
92%
São Paulo
92%
Perth
91%
Shanghai
90%
Amsterdam
88%
Auckland
88%
Hong Kong
88%
Frankfurt
87%
Bogotá
85%
Cape Town
85%
Brisbane
84%
Santiago
84%
Dubai
83%
Istanbul
79%
Dallas/Fort Worth
77%
Lagos
77%
Brasília
68%
Casablanca
65%
No matching quizzes found
Score Distribution
Percent of People with Each Score
Percentile by Number Answered
Your Score History
You have not taken this quiz